Treatise on basic philosophy
Gardado en:
| Autor Principal: | |
|---|---|
| Formato: | Libro |
| Idioma: | inglés |
| Publicado: |
Boston
D. Reidel
1974
|
| Subjects: | |
| Tags: |
Engadir etiqueta
Sen Etiquetas, Sexa o primeiro en etiquetar este rexistro!
|
MARC
| LEADER | 00000nam a2200000 a 4500 | ||
|---|---|---|---|
| 001 | UCZ2672 | ||
| 003 | CL-VaPUC | ||
| 008 | 951005e19740000US |||||||||||||||||eng|d | ||
| 082 | 0 | 4 | |a 149.7 |b BUN |2 21 |
| 100 | 0 | |a Bunge, Mario |e author |9 346439 | |
| 245 | 1 | 0 | |a Treatise on basic philosophy |
| 300 | |a v | ||
| 942 | |c BK | ||
| 945 | |d 19951005 00:00:00 |a lriquelm | ||
| 260 | |a Boston |b D. Reidel |c 1974 | ||
| 500 | |a v.2 Semantics II: interpretation and truth | ||
| 650 | 0 | |a Filosofía de las ciencias |9 256466 | |
| 650 | 0 | |a Racionalismo |9 259116 | |
| 650 | 0 | |a Filosofía de las ciencias |9 256466 | |
| 650 | 0 | |a Empirismo |9 255037 | |
| 650 | 0 | |a Semántica |9 265318 | |
| 583 | |a last modification |c 19951005 00:00:00 |k Rodrigo Vera | ||
| 999 | |c 239231 |d 239229 | ||
| 952 | |0 0 |1 0 |4 0 |6 149_700000000000000_BUN_1974 |7 0 |8 P |9 250200 |a BIBEDU |b BIBEDU |c BIBEDU_PB |d 2019-11-18 |h v.2 |i 1569899 |o 149.7 BUN 1974 |p 1569899 |r 2024-01-25 |w 2019-11-18 |y BK |k FIL | ||